[Event "Titled Tuesday intern op 11th Feb Early"]
[Site "Chess.com INT"]
[Date "2025.02.11"]
[Round "8"]
[White "Estrada Nieto, Julian"]
[Black "Vila Dupla, Aurelio"]
[Result "1-0"]
[WhiteElo "2184"]
[BlackElo "2056"]
[PlyCount "41"]
[EventDate "2025.02.11"]
[EventType "swiss (blitz)"]
[EventRounds "11"]
[EventCountry "USA"]
[SourceTitle "CB09_2025"]
[SourceDate "2025.02.27"]
[SourceVersion "1"]
[SourceVersionDate "2025.02.27"]
[SourceQuality "1"]

1. e4 c5 2. Nf3 d6 3. Bb5+ Bd7 4. Bxd7+ Nxd7 5. 0-0 Ngf6 6. Qe2 e6 7. b3 Be7 8. Bb2 0-0 9. d4 cxd4 10. Nxd4 a6 11. c4 Rb8 12. Nc3 Re8 13. Rad1 Qa5 14. f4 g6 15. Kh1 Bf8 16. Nf3 e5 17. fxe5 Nxe5 18. Nxe5 Qxe5 19. Nd5 Nxd5 20. Bxe5 Rxe5 21. Rxd5 1-0

[Event "Titled Tuesday intern op 11th Feb Early"]
[Site "Chess.com INT"]
[Date "2025.02.11"]
[Round "1"]
[White "Vila Dupla, Aurelio"]
[Black "Taichman, Ori"]
[Result "0-1"]
[WhiteElo "2056"]
[BlackElo "2354"]
[PlyCount "64"]
[EventDate "2025.02.11"]
[EventType "swiss (blitz)"]
[EventRounds "11"]
[EventCountry "USA"]
[SourceTitle "CB09_2025"]
[SourceDate "2025.02.27"]
[SourceVersion "1"]
[SourceVersionDate "2025.02.27"]
[SourceQuality "1"]

1. Nf3 g6 2. d4 Nf6 3. g3 Bg7 4. Bg2 0-0 5. 0-0 d6 6. c4 Nc6 7. Nc3 Rb8 8. b3 e5 9. Bb2 e4 10. Ne1 Bf5 11. Nc2 Qd7 12. Ne3 Bh3 13. Ncd5 Bxg2 14. Kxg2 Nxd5 15. cxd5 Ne7 16. Qc2 f5 17. Rac1 Rbc8 18. Nc4 Nxd5 19. e3 Nb4 20. Qb1 Nd3 21. Rc2 d5 22. Na5 c5 23. Ba3 b6 24. dxc5 bxa5 25. c6 Rxc6 26. Rxc6 Qxc6 27. Bxf8 Kxf8 28. Rd1 d4 29. Rd2 dxe3 30. fxe3 Qc3 31. Qc2 Qxc2 32. Rxc2 Ne1+ 0-1

[Event "Titled Tuesday intern op 11th Feb Early"]
[Site "Chess.com INT"]
[Date "2025.02.11"]
[Round "6"]
[White "Vila Dupla, Aurelio"]
[Black "Vukcevic, Nemanja"]
[Result "1-0"]
[WhiteElo "2056"]
[BlackElo "2312"]
[PlyCount "63"]
[EventDate "2025.02.11"]
[EventType "swiss (blitz)"]
[EventRounds "11"]
[EventCountry "USA"]
[SourceTitle "CB08_2025"]
[SourceDate "2025.02.19"]
[SourceVersion "1"]
[SourceVersionDate "2025.02.19"]
[SourceQuality "1"]

1. Nf3 Nf6 2. d4 d5 3. c4 c6 4. cxd5 cxd5 5. Nc3 Nc6 6. Bf4 a6 7. e3 Bf5 8. Bd3 Bxd3 9. Qxd3 e6 10. 0-0 Bd6 11. Bxd6 Qxd6 12. h3 Na5 13. b3 Rc8 14. Rac1 0-0 15. Qd2 Qb4 16. Ne4 Nc6 17. Nxf6+ gxf6 18. Qe2 Qb5 19. Qd1 Nb4 20. Rxc8 Rxc8 21. Nh2 Nxa2 22. Qg4+ Kf8 23. Qh4 Rc1 24. Rxc1 Nxc1 25. Qxf6 Nxb3 26. Nf3 a5 27. Ng5 Qe8 28. Nxh7+ Kg8 29. Qh4 Qb5 30. Ng5 Qe8 31. Nh7 Qb5 32. Qh6 1-0

[Event "Titled Tuesday intern op 04th Feb Early"]
[Site "Chess.com INT"]
[Date "2025.02.04"]
[Round "6"]
[White "Vila Dupla, Aurelio"]
[Black "Arakelyan, Manvel"]
[Result "0-1"]
[WhiteElo "2056"]
[BlackElo "2282"]
[PlyCount "62"]
[EventDate "2025.02.04"]
[EventType "swiss (blitz)"]
[EventRounds "11"]
[EventCountry "USA"]
[SourceTitle "CB07_2025"]
[SourceDate "2025.02.12"]
[SourceVersion "1"]
[SourceVersionDate "2025.02.12"]
[SourceQuality "1"]

1. Nf3 Nf6 2. d4 d5 3. c4 e6 4. cxd5 exd5 5. Nc3 Be7 6. Bg5 c6 7. Qc2 Nbd7 8. e3 0-0 9. Bd3 Re8 10. 0-0-0 Nf8 11. h3 g6 12. Kb1 Ne6 13. Bh4 Ng7 14. g4 Ne4 15. Bxe7 Nxc3+ 16. Qxc3 Qxe7 17. Rc1 Qf6 18. Ne5 Rxe5 19. dxe5 Qxf2 20. Bc2 Ne6 21. Rcf1 Qg3 22. Rf6 Bd7 23. Rhf1 Be8 24. Qb4 Qxe5 25. Qxb7 Rb8 26. Rxf7 Rxb7 27. Rxb7 a5 28. Ra7 d4 29. Ra8 Nc7 30. Bb3+ Kg7 31. Ra7 dxe3 0-1

[Event "Titled Tuesday intern op 04th Feb Early"]
[Site "Chess.com INT"]
[Date "2025.02.04"]
[Round "9"]
[White "Vila Dupla, Aurelio"]
[Black "Rodrigues Mota, Romulo Cardoso S"]
[Result "0-1"]
[WhiteElo "2056"]
[BlackElo "1953"]
[PlyCount "92"]
[EventDate "2025.02.04"]
[EventType "swiss (blitz)"]
[EventRounds "11"]
[EventCountry "USA"]
[SourceTitle "CB07_2025"]
[SourceDate "2025.02.12"]
[SourceVersion "1"]
[SourceVersionDate "2025.02.12"]
[SourceQuality "1"]

1. Nf3 c5 2. c4 g6 3. d4 cxd4 4. Nxd4 Nc6 5. e4 Bg7 6. Be3 Nf6 7. Nc3 0-0 8. Be2 b6 9. 0-0 Bb7 10. f3 Rc8 11. Qd2 e6 12. Rfd1 d5 13. cxd5 Nxd4 14. Bxd4 exd5 15. Bxf6 Bxf6 16. Nxd5 Bg7 17. Rac1 Qd6 18. b3 Rc5 19. b4 Rxc1 20. Rxc1 Rd8 21. Bc4 a5 22. a3 Be5 23. g3 axb4 24. axb4 Bxd5 25. Bxd5 b5 26. Rc5 Kh8 27. f4 Bg7 28. Qc2 Bd4+ 29. Kg2 Bxc5 30. bxc5 Qc7 31. Qc3+ Kg8 32. Qf6 Rb8 33. c6 b4 34. e5 b3 35. e6 b2 36. exf7+ Kf8 37. Qh8+ Ke7 38. Qxh7 b1Q 39. f8Q+ Kxf8 40. Qxc7 Rb2+ 41. Kh3 Qf5+ 42. g4 Qd3+ 43. Kh4 Rxh2+ 44. Kg5 Qxd5+ 45. f5 Qd2+ 46. Kxg6 Rh6# 0-1

[Event "Titled Tuesday intern op 21st Jan Late"]
[Site "Chess.com INT"]
[Date "2025.01.21"]
[Round "5"]
[White "Vila Dupla, Aurelio"]
[Black "Winkels, Marcel"]
[Result "1-0"]
[WhiteElo "2056"]
[BlackElo "1890"]
[PlyCount "149"]
[EventDate "2025.01.21"]
[EventType "swiss (blitz)"]
[EventRounds "11"]
[EventCountry "USA"]
[SourceTitle "CB05_2025"]
[SourceDate "2025.01.29"]
[SourceVersion "1"]
[SourceVersionDate "2025.01.29"]
[SourceQuality "1"]

1. Nf3 d5 2. g3 g6 3. Bg2 Bg7 4. d4 Nf6 5. 0-0 0-0 6. c4 c6 7. cxd5 cxd5 8. Nc3 Ne4 9. Qb3 Nxc3 10. bxc3 Nc6 11. Nd2 e6 12. e3 Rb8 13. Ba3 Re8 14. Rab1 b6 15. c4 Na5 16. Qa4 Bd7 17. Qc2 dxc4 18. Bb4 Rc8 19. Bxa5 bxa5 20. Rfc1 e5 21. d5 c3 22. Ne4 Bf5 23. Qb3 Bxe4 24. Bxe4 Qc7 25. Rc2 Qc4 26. Qxc4 Rxc4 27. Bd3 Rc5 28. e4 f5 29. Rbc1 Rec8 30. d6 Bf8 31. d7 Rd8 32. Rxc3 Rxc3 33. Rxc3 Rxd7 34. Bc4+ Kg7 35. Bd5 a4 36. f3 a3 37. Kf2 Bd6 38. Ke2 Rc7 39. Rxc7+ Bxc7 40. Kd3 Bd6 41. g4 Kf8 42. gxf5 gxf5 43. exf5 Ke7 44. Be4 Kf6 45. Ke2 Kg5 46. Kf1 Kf4 47. Kg2 Ke3 48. Kh3 Kf4 49. Kg2 Be7 50. Kf2 h5 51. Kg2 h4 52. h3 Bc5 53. f6 Kg5 54. f7 Kf6 55. Bd5 Kg7 56. Kf1 Bd6 57. Ke2 Bc5 58. Kd3 Bd4 59. Ke4 Kf8 60. Kf5 Bc3 61. Kg4 Be1 62. Kf5 Bc3 63. Ke4 Bd4 64. f4 Bb2 65. fxe5 Ke7 66. Kf5 Bc3 67. e6 Bd4 68. Kg4 Bf6 69. Kf5 Bd4 70. Bc4 Bg7 71. Bb5 Bf8 72. Bc4 Bg7 73. Kg6 Be5 74. Kh7 Bd4 75. Kg8 1-0

[Event "Titled Tuesday intern op 21st Jan Late"]
[Site "Chess.com INT"]
[Date "2025.01.21"]
[Round "6"]
[White "Williams, Oscar"]
[Black "Vila Dupla, Aurelio"]
[Result "0-1"]
[WhiteElo "2054"]
[BlackElo "2056"]
[PlyCount "122"]
[EventDate "2025.01.21"]
[EventType "swiss (blitz)"]
[EventRounds "11"]
[EventCountry "USA"]
[SourceTitle "CB05_2025"]
[SourceDate "2025.01.29"]
[SourceVersion "1"]
[SourceVersionDate "2025.01.29"]
[SourceQuality "1"]

1. e4 c5 2. Nf3 d6 3. d4 cxd4 4. Nxd4 Nf6 5. Nc3 g6 6. Be3 Bg7 7. Be2 0-0 8. Qd2 Nc6 9. 0-0-0 Nxd4 10. Bxd4 Be6 11. Kb1 Qc7 12. f3 Rfc8 13. g4 Qa5 14. g5 Nh5 15. Bxg7 Kxg7 16. f4 Rxc3 17. Qxc3+ Qxc3 18. bxc3 Nxf4 19. Bd3 Nh3 20. Rhe1 Nxg5 21. Re3 f6 22. h4 Nf7 23. h5 g5 24. Kc1 Rc8 25. Kd2 Rc5 26. Re2 Ne5 27. h6+ Kxh6 28. Rh2+ Kg7 29. Be2 Ra5 30. Rdh1 Bg8 31. Ra1 Bf7 32. a4 Bg6 33. Ke3 Rc5 34. Ra3 Nc4+ 35. Bxc4 Rxc4 36. a5 Rxe4+ 37. Kd2 g4 38. Rb3 b6 39. axb6 axb6 40. Rxb6 h5 41. Rb4 Kh6 42. Rxe4 Bxe4 43. Ke3 f5 44. Rd2 Kg5 45. c4 h4 46. c5 dxc5 47. Rd7 Kf6 48. Rd8 h3 49. Rh8 Ke5 50. Rh5 e6 51. c4 Kf6 52. Kf4 e5+ 53. Kg3 Kg6 54. Rh8 Bf3 55. Re8 f4+ 56. Kh2 Bg2 57. Rc8 g3+ 58. Kg1 Bf3 59. Rh8 h2+ 60. Rxh2 gxh2+ 61. Kxh2 Be2 0-1

[Event "Titled Tuesday intern op 21st Jan Late"]
[Site "Chess.com INT"]
[Date "2025.01.21"]
[Round "3"]
[White "Wu, Andrew1"]
[Black "Vila Dupla, Aurelio"]
[Result "1-0"]
[WhiteElo "2197"]
[BlackElo "2056"]
[PlyCount "55"]
[EventDate "2025.01.21"]
[EventType "swiss (blitz)"]
[EventRounds "11"]
[EventCountry "USA"]
[SourceTitle "CB05_2025"]
[SourceDate "2025.01.29"]
[SourceVersion "1"]
[SourceVersionDate "2025.01.29"]
[SourceQuality "1"]

1. e4 c5 2. Nf3 d6 3. Bb5+ Bd7 4. Bxd7+ Nxd7 5. 0-0 Ngf6 6. Qe2 e6 7. c3 Be7 8. d4 cxd4 9. cxd4 d5 10. e5 Ne4 11. Nbd2 Nxd2 12. Bxd2 0-0 13. Rfc1 Qb6 14. Be3 Rfc8 15. h4 h6 16. h5 Qd8 17. Qd2 Bf8 18. g3 Nb6 19. b3 Ba3 20. Rxc8 Rxc8 21. Kg2 Qc7 22. Rh1 Nd7 23. Nh2 Qc2 24. Qa5 Qe4+ 25. Nf3 Bf8 26. Rh4 Qd3 27. Qxa7 Rc2 28. Ne1 1-0

[Event "Titled Tuesday intern op 14th Jan Early"]
[Site "Chess.com INT"]
[Date "2025.01.14"]
[Round "4"]
[White "Manukyan, Sargis V"]
[Black "Vila Dupla, Aurelio"]
[Result "0-1"]
[WhiteElo "2253"]
[BlackElo "2056"]
[PlyCount "52"]
[EventDate "2025.01.14"]
[EventType "swiss (blitz)"]
[EventRounds "11"]
[EventCountry "USA"]
[SourceTitle "CB04_2025"]
[SourceDate "2025.01.22"]
[SourceVersion "1"]
[SourceVersionDate "2025.01.22"]
[SourceQuality "1"]

1. b3 Nf6 2. Bb2 g6 3. Nf3 Bg7 4. g3 0-0 5. Bg2 d6 6. 0-0 e5 7. c4 Nc6 8. Nc3 Re8 9. d4 e4 10. Ng5 e3 11. f4 Ng4 12. Nd5 Nf2 13. Rxf2 exf2+ 14. Kxf2 h6 15. Nf3 Ne7 16. e4 Nxd5 17. exd5 Bf5 18. Qd2 Qd7 19. c5 Re7 20. Re1 Rae8 21. a4 Be4 22. Nh4 Bxg2 23. Rxe7 Qxe7 24. Nxg2 Qe4 25. Qe3 Qxg2+ 26. Kxg2 Rxe3 0-1

[Event "Titled Tuesday intern op 07th Jan Early"]
[Site "Chess.com INT"]
[Date "2025.01.07"]
[Round "11"]
[White "Vila Dupla, Aurelio"]
[Black "Weisz, Bryan"]
[Result "1/2-1/2"]
[WhiteElo "2056"]
[BlackElo "2057"]
[PlyCount "144"]
[EventDate "2025.01.07"]
[EventType "swiss (blitz)"]
[EventRounds "11"]
[EventCountry "USA"]
[SourceTitle "CB03_2025"]
[SourceDate "2025.01.15"]
[SourceVersion "1"]
[SourceVersionDate "2025.01.15"]
[SourceQuality "1"]

1. Nf3 e6 2. g3 c5 3. Bg2 Nc6 4. 0-0 d5 5. d4 cxd4 6. Nxd4 Nge7 7. c4 dxc4 8. Nxc6 Qxd1 9. Rxd1 Nxc6 10. Nd2 Na5 11. b3 c3 12. Ne4 c2 13. Rd2 Bd7 14. Rxc2 Nc6 15. Be3 Be7 16. Nc5 Bxc5 17. Bxc5 Rd8 18. Rd1 f6 19. Rd6 Kf7 20. Rcd2 Bc8 21. Rxd8 Rxd8 22. Rxd8 Nxd8 23. Bxa7 e5 24. Bd5+ Ne6 25. Bb6 Ke7 26. e3 h5 27. h4 g5 28. hxg5 Nxg5 29. Kg2 Kd6 30. Bc4 Bg4 31. Bd8 Bf3+ 32. Kg1 Ne4 33. Bd3 Nc5 34. Bg6 Ke6 35. Bc2 f5 36. b4 Nd7 37. Bc7 Nf6 38. a4 Nd5 39. Bb3 Kf6 40. Bd6 Nc3 41. b5 Kg5 42. Bb4 Ne4 43. a5 f4 44. exf4+ exf4 45. gxf4+ Kxf4 46. b6 Ng5 47. Bg8 h4 48. Bc4 Kg4 49. Bd6 Ne4 50. Bc7 Nc3 51. Be6+ Kg5 52. Bc8 Ne2+ 53. Kf1 Nd4 54. a6 bxa6 55. Bxa6 Nb3 56. Bd8+ Kf5 57. b7 Nd2+ 58. Ke1 Bxb7 59. Bxb7 Nc4 60. Bc8+ Kg6 61. Bxh4 Kh5 62. Bg3 Kg5 63. Bh3 Nb6 64. Bf1 Nd5 65. Be2 Nc3 66. Kf1 Ne4 67. Bf3 Nd2+ 68. Kg2 Nc4 69. Be2 Nd2 70. Ba6 Kf5 71. Bc8+ Kg5 72. f4+ Kf6 1/2-1/2

[Event "ESP-ch 89th"]
[Site "Marbella"]
[Date "2024.12.18"]
[Round "8"]
[White "Vila Dupla, Aurelio"]
[Black "Galvan Cipriani, Viviana"]
[Result "1/2-1/2"]
[WhiteElo "2039"]
[BlackElo "2144"]
[PlyCount "160"]
[EventDate "2024.12.11"]
[EventType "swiss"]
[EventRounds "9"]
[EventCountry "ESP"]
[SourceTitle "CB52_2024"]
[SourceDate "2024.12.25"]
[SourceVersion "1"]
[SourceVersionDate "2024.12.25"]
[SourceQuality "1"]

1. Nf3 c5 2. c4 Nc6 3. Nc3 e5 4. e3 Nge7 5. d4 cxd4 6. exd4 d6 7. dxe5 dxe5 8. Qxd8+ Kxd8 9. Ng5 Be6 10. Nxe6+ fxe6 11. Bg5 a6 12. 0-0-0+ Kc7 13. Bd3 Rd8 14. Rhe1 h6 15. Be3 Nf5 16. Bxf5 exf5 17. Nd5+ Kb8 18. Bb6 Rc8 19. Kb1 Rh7 20. Re2 h5 21. Red2 e4 22. Nf4 g5 23. Ne6 Rh6 24. Nxf8 Rxf8 25. Rd7 Rc8 26. Rg7 Ne5 27. Bd4 Nd3 28. b3 g4 29. Rf7 f4 30. Re7 Rd8 31. Be5+ Ka8 32. Bxf4 Rhh8 33. Rxe4 Nxf2 34. Rxd8+ Rxd8 35. Re7 Nd3 36. Be3 Nb4 37. Bb6 Rh8 38. Rd7 Nc6 39. Kb2 Kb8 40. Kc3 Rh6 41. a4 Rh8 42. b4 Na7 43. Rd8+ Rxd8 44. Bxd8 Kc8 45. Bb6 Nc6 46. b5 Ne7 47. Kd4 Nf5+ 48. Ke5 Nh4 49. g3 Nf3+ 50. Kf5 Nxh2 51. Kg6 Nf1 52. Bf2 Nd2 53. Kxh5 Nxc4 54. bxa6 bxa6 55. Kxg4 Kd7 56. Kf5 Ke7 57. Bc5+ Kf7 58. Bd4 Nd2 59. g4 Nf3 60. Be5 Ke7 61. Ke4 Nd2+ 62. Kd5 Nf3 63. Bf4 Kd7 64. Kc5 Ne1 65. Kb6 Nd3 66. Bg3 Nb4 67. Kc5 Nc2 68. Bf2 a5 69. Kb5 Nb4 70. Kxa5 Nd3 71. Be3 Ne5 72. g5 Nc4+ 73. Ka6 Nxe3 74. g6 Ke7 75. Kb6 Nc4+ 76. Kb5 Nd6+ 77. Kc5 Nb7+ 78. Kb6 Nd6 79. Kc6 Nc4 80. Kc5 Na5 1/2-1/2

[Event "ESP-ch 89th"]
[Site "Marbella"]
[Date "2024.12.15"]
[Round "5"]
[White "Serrano Batova, Vicent"]
[Black "Vila Dupla, Aurelio"]
[Result "1-0"]
[WhiteElo "2252"]
[BlackElo "2039"]
[PlyCount "107"]
[EventDate "2024.12.11"]
[EventType "swiss"]
[EventRounds "9"]
[EventCountry "ESP"]
[SourceTitle "CB52_2024"]
[SourceDate "2024.12.25"]
[SourceVersion "1"]
[SourceVersionDate "2024.12.25"]
[SourceQuality "1"]

1. d4 Nf6 2. c4 g6 3. h4 Bg7 4. Nc3 0-0 5. e4 d6 6. Be2 e5 7. d5 c6 8. h5 b5 9. cxb5 cxd5 10. exd5 Qa5 11. h6 Bh8 12. Rh4 Bb7 13. b4 Qd8 14. Bg5 Nbd7 15. Bc4 e4 16. Bb3 Qe7 17. Nge2 Qe5 18. Bf4 Qe7 19. Bg5 Qe5 20. Bf4 Qe7 21. Rh3 Ne5 22. Kf1 Bc8 23. Rh1 Nd3 24. Qd2 Ng4 25. f3 exf3 26. gxf3 Nxf4 27. Qxf4 Be5 28. Qd2 f5 29. fxg4 fxg4+ 30. Kg2 g3 31. Raf1 Rxf1 32. Rxf1 Bg4 33. Qe3 Rf8 34. Rxf8+ Kxf8 35. Nxg3 Qh4 36. Nf1 Ke7 37. Ne4 Kd7 38. Qxa7+ Ke8 39. Qb8+ Ke7 40. Qa7+ Bd7 41. Qe3 Bf4 42. Qf3 g5 43. b6 Bg4 44. Qc3 Be5 45. Qe3 Bf4 46. Qd3 Bf5 47. Bd1 Qe1 48. Bc2 Qxb4 49. Qe2 Kd8 50. Neg3 Bd7 51. Bxh7 Bxg3 52. Nxg3 Qh4 53. Bf5 g4 54. Qxg4 1-0